000 00737nam a2200277 a 4500
003 AR-BaBNM
005 20251128205748.0
008 082120s2002 ||||||||||||||000 | spa||
020 _a0-521-36745-X
040 _cAR-BaBNM
100 1 _aGear, Jolene
245 0 0 _aCambridge preparation for the TOEFL test
250 _a4ª ed.
260 _aCambridge
_bCambridge University Press
_c1996
300 _axvi, 555 p.
_bil.
650 4 _aINGLES
650 4 _aLENGUAS GERMANICAS
650 4 _aENSEÑANZA DE IDIOMAS
650 4 _aACTIVIDADES DE APRENDIZAJE
650 4 _aGRAMATICA
650 4 _aENSEÑANZA DEL VOCABULARIO
650 4 _aVOCABULARIO
700 1 _aHaskell, John
_ecolaborador
942 _cBK
998 _cMARTIN
999 _c12718
_d12718